[Event "2nd Porticcio Open 2015"]
[Site "Grosseto-Prugna FRA"]
[Date "2015.07.03"]
[Round "9.6"]
[White "Guliyev, Namig"]
[Black "Iordachescu, Viorel"]
[Result "1-0"]
[WhiteTitle "GM"]
[BlackTitle "GM"]
[WhiteElo "2549"]
[BlackElo "2588"]
[WhiteFideId "13400363"]
[BlackFideId "13900200"]
[EventDate "2015.06.27"]

1. e4 e5 2. Nf3 Nc6 3. Bb5 a6 4. Ba4 Nf6 5. O-O Be7 6. Re1 b5 7. Bb3 d6 8. c3
O-O 9. d4 Bg4 10. Be3 Bh5 11. Nbd2 Na5 12. Bc2 Ng4 13. Qe2 Nxe3 14. Qxe3 Re8 15.
d5 c5 16. dxc6 Nxc6 17. Bb3 Rc8 18. h3 Qd7 19. Qd3 Bd8 20. Nf1 Na5 21. g4 Bg6
22. Ne3 Nxb3 23. axb3 a5 24. Nd5 h5 25. Nh2 f6 26. f3 b4 27. Nf1 bxc3 28. bxc3
Rb8 29. Nfe3 Bf7 30. c4 Qb7 31. Reb1 Qc6 32. Kg2 Rb7 33. b4 axb4 34. Nxb4 Qd7
35. Nbd5 Be7 36. Nf5 Bf8 37. Rb5 Kh8 38. Rab1 Ra7 39. R1b2 Qc8 40. Qb3 Bxd5 41.
Rxd5 Rc7 42. Ne3 hxg4 43. hxg4 Qe6 44. Rb5 Kg8 45. Nd5 Ra7 46. c5 dxc5 47. Rb6
Qf7 48. Kg3 Rd8 49. Qc4 Rad7 50. Rb7 Bd6 51. Qa6 g6 52. R2b6 Qe6 53. Rxd7 Rxd7
54. Qc8+ Kf7 55. Ra6 1-0

[Event "2nd Porticcio Open 2015"]
[Site "Grosseto-Prugna FRA"]
[Date "2015.07.03"]
[Round "9.7"]
[White "Massoni, Michael"]
[Black "Battaglini, Gabriel"]
[Result "0-1"]
[WhiteTitle "IM"]
[BlackTitle "IM"]
[WhiteElo "2360"]
[BlackElo "2456"]
[WhiteFideId "654213"]
[BlackFideId "621650"]
[EventDate "2015.06.27"]

1. e4 e6 2. Nc3 d5 3. Nf3 Nf6 4. e5 Nfd7 5. d4 Be7 6. h4 c5 7. dxc5 Nc6 8. Bf4
Nxc5 9. Be2 a6 10. a3 f5 11. Rh3 O-O 12. h5 h6 13. Qc1 Rf7 14. b4 Ne4 15. Nxe4
fxe4 16. Nh2 Nd4 17. Bd1 Qf8 18. g3 Bd7 19. Qd2 Nf5 20. Ng4 a5 21. Rb1 axb4 22.
axb4 Bb5 23. Ne3 Nh4 24. c3 Nf3+ 25. Bxf3 exf3 26. Rh1 Rxf4 27. gxf4 Qxf4 28.
Qd4 Qxd4 29. cxd4 Ra2 30. Rh2 Bg5 31. Rb3 Re2+ 0-1

[Event "2nd Porticcio Open 2015"]
[Site "Grosseto-Prugna FRA"]
[Date "2015.07.03"]
[Round "9.8"]
[White "Terrieux, Kevin"]
[Black "Utrera, Ludovic"]
[Result "1-0"]
[WhiteTitle "IM"]
[WhiteElo "2440"]
[BlackElo "2029"]
[WhiteFideId "622591"]
[BlackFideId "20604580"]
[EventDate "2015.06.27"]

1. d4 Nf6 2. c4 g6 3. Nc3 Bg7 4. e4 d6 5. Nge2 Nc6 6. d5 Ne5 7. f4 Ned7 8. Ng3
c6 9. Be2 cxd5 10. cxd5 a6 11. O-O b5 12. Be3 Bb7 13. Bf3 Rc8 14. Bd4 Nb6 15. a4
b4 16. a5 bxc3 17. Bxb6 Qd7 18. bxc3 Rxc3 19. Bd4 Rc7 20. e5 dxe5 21. fxe5 O-O
22. exf6 exf6 23. Ne4 Bxd5 24. Nxf6+ Bxf6 25. Bxf6 Bxf3 26. Qxd7 Rxd7 27. Rxf3 1-0